000 00314nam a22001337a 4500
999 _c8988
_d8988
003 OSt
005 20191126174324.0
008 191126b ||||| |||| 00| 0 eng d
040 _cDDC
082 _a241.66
100 _a Varghese, Winnie
245 _aA journey of faith : church and homosexuality
942 _2ddc
_cBK